Don Carlos opera v 4 dejstvách : libreto /

Hlavní autor: Méry, Joseph, 1798-1866
Další autoři: Du Locle, Camille, 1832-1903, Verdi, Giuseppe, 1813-1901
Jazyk: Slovenština
Vydáno: Bratislava : Slovenské vydavateľstvo krásnej literatúry, 1961
Vydání: 1. vyd.
Edice: Operné libretá
Fyzický popis: 99 s.
Knihy
Uloženo v:
LEADER 00958nam a22002532a 4500
001 000189833
003 CZ BrMZK
005 20100108102335.0
007 ta
008 950101s1961 xo f |||||||||||slo d
040 |a ABA001  |c OSA001  |d ABA001  |d OLA001  |d BOA001  |b cze 
100 1 |a Méry, Joseph,  |d 1798-1866  |7 jn20001227154  |4 aut 
245 1 0 |a Don Carlos  |b opera v 4 dejstvách : libreto /  |c Joseph Méry, Camilla du Locleho ; [hudba] Giusseppe Verdi ; preložila Jela Krčméry 
250 |a 1. vyd. 
260 |a Bratislava :  |b Slovenské vydavateľstvo krásnej literatúry,  |c 1961 
300 |a 99 s. 
490 1 |a Operné libretá ;  |v zv. 13 
700 1 |a Du Locle, Camille,  |d 1832-1903  |7 jn19981000778  |4 aut 
700 1 |a Verdi, Giuseppe,  |d 1813-1901  |7 jn19990008764  |4 cmp 
830 0 |a Operné libretá 
910 |a BOA001  |b 1-0467.391 
990 |a BK 
991 |b 200908 
996 7 |b 2619942478  |c 1-0467.391  |l MZK  |r Sklad / do 1 hodiny  |n 3  |w 000189833  |u 000010  |a 1  |e BOA001  |j MZK50  |s A